| 000 | 00000nam##2200000za#4500 |
| 001 | 9.673724 |
| 003 | CaOODSP |
| 005 | 20220328113348 |
| 007 | ta |
| 008 | 150407|2013||||xxc||||| f|0| 0 fre|d |
| 020 | |a978-1-100-54512-7 |
| 040 | |aCaOODSP|bfre |
| 041 | |aeng |
| 041 | |afre |
| 043 | |an-cn--- |
| 086 | 1 |aIu4-151/2013 |
| 110 | 1 |aCanada. |bIndustrie Canada. |
| 245 | 10|aBanque de développement du Canada - examen législatif décennal, 2001-2010 |
| 260 | |aOttawa - Ontario : |bIndustrie Canada |cc2013. |
| 300 | |aTexte français, viii, 24p. : |bfigures en couleur, références ; |c28 cm. |
| 520 | 3 |aCe rapport traite des facteurs économiques qui ont eu une incidence sur les petites et moyennes entreprises (PME) pendant cette période. Il évalue la réponse de la BDC à l’évolution des besoins de ses clients et aux priorités du gouvernement. |
| 563 | |aCouverture souple |
| 590 | |a14-45|b2014-11-07 |
| 776 | 0#|tBanque de développement du Canada - examen législatif décennal, 2001-2010 |w(CaOODSP)9.641407 |
| 776 | 0#|tBusiness Development Bank of Canada - 10-year legislative review, 2001-2010 |w(CaOODSP)9.697353 |
| 791 | |tBusiness Development Bank of Canada - 10-year legislative review, 2001-2010 |eeng|w(CaOODSP)9.673723 |